Njofanaã̈ũ̈ ta njo vĩ̈rï'dĩi je ĩngĩlí̈zí̈ (Record no. 64526)
[ view plain ]
| 000 -LEADER | |
|---|---|
| fixed length control field | 00323nam a2200109 4500 |
| 082 0# - DEWEY DECIMAL CLASSIFICATION NUMBER | |
| Classification number | 399 |
| 242 00 - TRANSLATION OF TITLE BY CATALOGING AGENCY | |
| Title | Proverbs in Viri and English |
| 245 11 - TITLE STATEMENT | |
| Title | Njofanaã̈ũ̈ ta njo vĩ̈rï'dĩi je ĩngĩlí̈zí̈ |
| 260 ## - PUBLICATION, DISTRIBUTION, ETC. (IMPRINT) | |
| Place of publication, distribution, etc | Khartoum |
| Name of publisher, distributor, etc | Viri Literacy & Cultural Development Committee |
| Date of publication, distribution, etc | c.1998 |
| 300 ## - PHYSICAL DESCRIPTION | |
| Extent | 26 p. |
| 942 ## - ADDED ENTRY ELEMENTS (KOHA) | |
| Source of classification or shelving scheme | |
| Koha item type | Books |
No items available.
